Sociálny fond v jednoduchom účtovníctve, kniha sociálneho fondu
Sociálny fond povinne vytvára podnikateľ - zamestnávateľ na zákonom určené účely v prospech zamestnancov. Tvorba sociálneho fondu. Povinný prídel do sociálneho fondu. Použitie sociálneho fondu. Daňové hľadisko tvorby a použitia sociálneho fondu. Účtovanie sociálneho fondu v knihe sociálneho fondu a...
Na minha lista:
| Autor principal: | |
|---|---|
| Formato: | Capítulo de Livro |
| Idioma: | eslovaco |
| Assuntos: | |
| Tags: |
Sem tags, seja o primeiro a adicionar uma tag!
|
MARC
| LEADER | 00000naa$a2200000$$$4500 | ||
|---|---|---|---|
| 001 | 0059101 | ||
| 005 | 20231109091535.5 | ||
| 041 | 0 | |a slo | |
| 044 | |a SK | ||
| 245 | 1 | 0 | |a Sociálny fond v jednoduchom účtovníctve, kniha sociálneho fondu |c Jarmila Strählová |
| 520 | |a Sociálny fond povinne vytvára podnikateľ - zamestnávateľ na zákonom určené účely v prospech zamestnancov. Tvorba sociálneho fondu. Povinný prídel do sociálneho fondu. Použitie sociálneho fondu. Daňové hľadisko tvorby a použitia sociálneho fondu. Účtovanie sociálneho fondu v knihe sociálneho fondu a v peňažnom denníku. Praktické príklady. | ||
| 610 | 2 | 0 | |a účtovníctvo jednoduché |
| 610 | 2 | 0 | |a účtovanie |
| 610 | 2 | 0 | |a denníky účtovné |
| 610 | 2 | 0 | |a fond sociálny |
| 610 | 2 | 0 | |a príjmy |
| 610 | 2 | 0 | |a výdavky |
| 610 | 2 | 0 | |a dane |
| 100 | 1 | |a Strählová, Jarmila | |